00511nam a2200157 450000500170000001000150001702000260003203500140005803700130007208200080008510000250009324501140011826000380023227000630027030000200033320220607163025.0 aENG-127245 a9789386224750c599.00 aEN-110777 bDBAD/PUB a882 aNair, M.T. Vasudevan aNirmalyam, oppol & ennu swantham janakikutty :bthree screenplays and their stories /cby M.T. Vasudevan Nair aNew DelhibTranquebar Pressc2017 a93, Ist Floor, Sham Lal RoadbDaryaganj, New Delhie110002 a301p.c23cm(Hb)